000 00621nam a2200217 a 4500
005 20140310183447.0
008 081205s19uu xx 00 eng d
020 _a9780071283557
050 _aHF 5694
_b.Sl57 2008
100 _aSlater, Jeffrey
245 _aPractical business math procedures /
_cJeffrey Slater
250 _a9th ed.
260 _aBoston :
_bMcGraw-Hill Irwin,
_c2008.
300 _aIN-3, 537 p. :
_bcol. ill. ;
_c29 cm.
500 _aIncludes index
521 _aBSBA
650 _absba.
650 _aBusiness mathematics
_xProblems, exercises, etc.
942 _cBK
_2lcc
_kFOR
999 _c23289
_d23289